Holiday Quiz

Random Holiday or Letter Quiz

'H' and 'I' Holiday Quiz Stats

 Plays Quiz not verified by Sporcle

Score 0/10 Timer 04:00
1 Play Today
Hint Answer % Correct
'______ holidays!'Happy
92.5%
Evergreen tree with prickly leaves and red berries, associated with ChristmasHolly
91.1%
The USA's holiday of national statehood; celebrates its separation from the United KingdomIndependence Day
88.2%
Spikes of ice formed when dripping water freezesIcicles
87.3%
October holiday, possibly with pagan roots, the name of which means 'holy evening'Hallowe'en
87.1%
Evergreen climbing plant used as a decoration at ChristmasIvy
78%
Jewish Festival of Lights; an eight-day festival commemorating the rededication of the Holy Temple (the Second Temple) in Jerusalem at the time of the Maccabean RevoltHanukkah
70.7%
Rosh ________; the Jewish New YearHashanah
61.8%
Old Testament prophet said by Christians to have prophesised the coming of Christ; often quoted in Advent servicesIsaiah
47.6%
Hindu spring festival of colours and loveHoli
30%

You're not logged in!

Compare scores with friends on all Sporcle quizzes.
OR
Log In

Show Comments

Extras

Top Quizzes Today


Score Distribution

Your Account Isn't Verified!

In order to create a playlist on Sporcle, you need to verify the email address you used during registration. Go to your Sporcle Settings to finish the process.

Report this User

Report this user for behavior that violates our Community Guidelines.

Details: